| 000 | 00810nam a2200217 u 4500 | ||
|---|---|---|---|
| 005 | 20250812063918.0 | ||
| 008 | 151023s2005 r 000 0 eng d | ||
| 035 | _aUPN01000206280 | ||
| 049 | _aF | ||
| 050 | 4 |
_aLB43 _bJ5.4 |
|
| 100 | 1 |
_aJiménez Costas, Christian J. _938235 |
|
| 245 | 1 | 0 |
_aIndicadores educativos : _banálisis comparado : México, América Latina y países de la OCDE / _cChristian Jiménez Costas, Eduardo Giorgana Peralta. |
| 260 |
_aMéxico : _bFundación para la Cultura del Maestro : _bSNTE, _c2005. |
||
| 300 |
_a31 p. : _bgráfs. |
||
| 440 | 0 |
_aCuaderno de Trabajo ; _v5 |
|
| 650 | 4 |
_aEducación comparada _vEstadística _924285 |
|
| 650 | 4 |
_aIndicadores educativos _zAmérica Latina _923439 |
|
| 700 | 1 |
_aGiorgana Peralta, Eduardo, _ecoaut. |
|
| 905 | _aLibro | ||
| 999 |
_c178381 _d178381 |
||